Normal view
MARC view
- Hoffmann, Laurence D.
Entry Personal Name
001 - CONTROL NUMBER
- control field: 102231
003 - CONTROL NUMBER IDENTIFIER
- control field: NUST
005 - DATE AND TIME OF LATEST TRANSACTION
- control field: 20221102095120.0
008 - FIXED-LENGTH DATA ELEMENTS
- fixed length control field: 221102|| aca||aabn | a|a d
040 ## - CATALOGING SOURCE
- Original cataloging agency: NUST
- Transcribing agency: NUST
100 ## - HEADING--PERSONAL NAME
- Personal name: Hoffmann, Laurence D.
670 ## - SOURCE DATA FOUND
- Source citation: Work cat.: (NUST)179965: Hoffmann, Laurence D.,, Mathematics with applications / , c1979.
